Scotland Quiz - Statistics

General Stats
  • This quiz has been taken 103 times
  • The average score is 7 of 12
Answer Stats
Hint Answer % Correct
Currency Pound
99%
Capital Edinburgh
98%
Where can you find Nessie? Loch Ness
97%
Highest Mountain Ben Nevis
91%
National Animal Unicorn
76%
Animal Haggis is made of Sheep
75%
National Symbol Thistle
72%
What churches are known as Kirks
34%
Invented the raincoat Charles Macintosh
31%
Type of dancing Scottish Country Dancing
30%
Island Oldest Building is Located Orkney
24%
How many islands does Scotland have(approx) 790
7%
No matching quizzes found
Score Distribution
Percent of People with Each Score
Percentile by Number Answered
Your Score History
You have not taken this quiz